[Event "Hannover Bezirks-ch C"]
[Site "Lehrte"]
[Date "2019.10.05"]
[Round "5.8"]
[White "Kappus, Joachim"]
[Black "Albrecht, Sabine"]
[Result "1/2-1/2"]
[WhiteElo "1307"]
[BlackElo "1120"]
[PlyCount "67"]
[EventDate "2019.10.03"]
[EventType "swiss"]
[EventRounds "7"]
[EventCountry "GER"]
[SourceTitle "EXT 2023"]
[Source "ChessBase"]
[SourceDate "2022.10.05"]
[SourceVersion "1"]
[SourceVersionDate "2022.10.05"]
[SourceQuality "1"]

1. d4 d5 2. c4 e6 3. Nf3 Nc6 4. Bf4 Bd6 5. Bxd6 Qxd6 6. c5 Qe7 7. e3 a6 8. Bd3 Nf6 9. 0-0 0-0 10. Nc3 Bd7 11. a3 e5 12. dxe5 Nxe5 13. b4 c6 14. Na4 Bg4 15. Be2 Nxf3+ 16. Bxf3 Bxf3 17. Qxf3 Ne4 18. Qe2 Qe5 19. Qd3 Nf6 20. h3 Rae8 21. Qc3 Ne4 22. Qxe5 Rxe5 23. Rad1 Nf6 24. Rd4 Rfe8 25. Nc3 h6 26. g3 h5 27. Re1 Ne4 28. Nxe4 Rxe4 29. Red1 g6 30. Kf1 Kg7 31. Ke2 f5 32. R1d3 Kf6 33. f3 R4e7 34. h4 1/2-1/2

[Event "Hannover Bezirk-ch D"]
[Site "Hannover"]
[Date "2018.10.07"]
[Round "7.4"]
[White "Amelin, Albert"]
[Black "Albrecht, Sabine"]
[Result "1/2-1/2"]
[WhiteElo "1190"]
[BlackElo "958"]
[PlyCount "34"]
[EventDate "2018.10.04"]
[EventType "swiss"]
[EventRounds "7"]
[EventCountry "GER"]
[SourceTitle "EXT 2022"]
[Source "ChessBase"]
[SourceDate "2021.10.06"]
[SourceVersion "1"]
[SourceVersionDate "2021.10.06"]
[SourceQuality "1"]

1. e4 e5 2. Nf3 Nc6 3. Bb5 Nd4 4. Nxd4 exd4 5. 0-0 a6 6. Bc4 d6 7. Re1 Qf6 8. Qe2 Be6 9. e5 dxe5 10. Qxe5 0-0-0 11. Bxe6+ Qxe6 12. Qxe6+ fxe6 13. Rxe6 Bc5 14. d3 Nf6 15. f3 Rde8 16. Rxe8+ Rxe8 17. Bd2 Nd5 1/2-1/2

[Event "Hannover Bezirk-ch D"]
[Site "Hannover"]
[Date "2018.10.06"]
[Round "5.4"]
[White "Orth, Bernhard"]
[Black "Albrecht, Sabine"]
[Result "0-1"]
[WhiteElo "1208"]
[BlackElo "958"]
[PlyCount "53"]
[EventDate "2018.10.04"]
[EventType "swiss"]
[EventRounds "7"]
[EventCountry "GER"]
[SourceTitle "EXT 2022"]
[Source "ChessBase"]
[SourceDate "2021.10.06"]
[SourceVersion "1"]
[SourceVersionDate "2021.10.06"]
[SourceQuality "1"]

1. d4 d5 2. Bf4 Bf5 3. Nf3 Nc6 4. c3 e6 5. e3 a6 6. Nbd2 h6 7. h3 Bd6 8. Be2 Bxf4 9. exf4 Nf6 10. Ne5 Nxe5 11. fxe5 Nd7 12. 0-0 Qg5 13. Nf3 Qe7 14. c4 c6 15. c5 0-0 16. b4 Rfe8 17. a4 b6 18. Qc2 Bxc2 19. Rfc1 Be4 20. a5 b5 21. Nh2 Qg5 22. g4 Qd2 23. f3 Bd3 24. Nf1 Qxe2 25. Nh2 Nf8 26. Rf1 Qb2 27. Rab1 0-1

[Event "Regionalliga SO 1718 (Women)"]
[Site "Germany"]
[Date "2017.12.17"]
[Round "3.4"]
[White "Albrecht, Sabine"]
[Black "Lorenz, Anouk"]
[Result "0-1"]
[WhiteElo "861"]
[BlackElo "1310"]
[PlyCount "116"]
[EventDate "2017.10.15"]
[EventType "team-tourn"]
[EventRounds "5"]
[EventCountry "GER"]
[SourceTitle "CBM 183 Extra"]
[Source "ChessBase"]
[SourceDate "2018.04.19"]
[SourceVersion "1"]
[SourceVersionDate "2018.04.19"]
[SourceQuality "1"]
[WhiteTeam "Lehrte (W) II"]
[BlackTeam "Saalfeld (W)"]
[WhiteTeamCountry "GER"]
[BlackTeamCountry "GER"]

1. e4 c5 2. Nf3 Nc6 3. Nc3 g6 4. d4 cxd4 5. Nxd4 Bg7 6. Nxc6 bxc6 7. Be2 e6 8. 0-0 Ne7 9. Bg5 0-0 10. h3 Bb7 11. Qd2 d5 12. Rad1 Qd7 13. Bh6 Rad8 14. Bxg7 Kxg7 15. Qd4+ f6 16. Qxa7 d4 17. Qc5 e5 18. Na4 Nc8 19. c3 Qd6 20. Qxd6 Rxd6 21. Nc5 Ba8 22. c4 Nb6 23. Bd3 Nd7 24. Nxd7 Rxd7 25. b4 Rb8 26. Rb1 Ra7 27. b5 Rxa2 28. bxc6 Rxb1 29. Rxb1 Bxc6 30. g4 Rd2 31. Rb3 Rd1+ 32. Kg2 Rxd3 33. Rxd3 Bxe4+ 34. Rf3 Bxf3+ 35. Kxf3 Kf7 36. Ke4 Ke6 37. c5 f5+ 38. gxf5+ gxf5+ 39. Kd3 Kd5 40. c6 e4+ 41. Kd2 Kxc6 42. Ke2 Kc5 43. f3 Kc4 44. fxe4 fxe4 45. h4 d3+ 46. Kd2 Kd4 47. h5 e3+ 48. Ke1 Kc3 49. h6 Kc2 50. Kf1 d2 51. Ke2 d1Q+ 52. Kxe3 Qg4 53. Kf2 Kd2 54. Kf1 Qe2+ 55. Kg1 Ke3 56. Kh1 Kf3 57. Kg1 Kg3 58. Kh1 Qe1# 0-1

[Event "Hannover Bezirk-ch A"]
[Site "Lehrte"]
[Date "2017.10.29"]
[Round "4.8"]
[White "Albrecht, Sabine"]
[Black "Arban, Jens"]
[Result "1/2-1/2"]
[WhiteElo "861"]
[BlackElo "1373"]
[PlyCount "129"]
[EventDate "2017.10.??"]
[EventType "swiss"]
[EventRounds "7"]
[EventCountry "GER"]
[SourceTitle "EXT 2022"]
[Source "ChessBase"]
[SourceDate "2021.10.06"]
[SourceVersion "1"]
[SourceVersionDate "2021.10.06"]
[SourceQuality "1"]

1. e4 e6 2. d4 b6 3. Bd3 Bb7 4. Qe2 c5 5. d5 e5 6. c4 d6 7. Nf3 Be7 8. 0-0 Nd7 9. h3 Ngf6 10. b3 0-0 11. Bg5 h6 12. Bh4 Nh5 13. Bxe7 Qxe7 14. Nh2 Nf4 15. Qf3 Nf6 16. Nc3 a6 17. Ne2 N6h5 18. Nxf4 Nxf4 19. Be2 Bc8 20. Rae1 Qg5 21. g4 Qh4 22. Kh1 Nxh3 23. Kg2 Nf4+ 24. Kh1 Qg5 25. Qg3 Bd7 26. Rg1 b5 27. Nf3 Nxe2 28. Rxe2 Qf4 29. Qxf4 exf4 30. e5 Rfe8 31. g5 h5 32. Re4 Bg4 33. Rxf4 Bxf3+ 34. Rxf3 Rxe5 35. Re3 Rae8 36. Rgg3 g6 37. Kg2 Kg7 38. Rxe5 Rxe5 39. Kf3 b4 40. Rg1 f5 41. Kg2 Re4 42. Kf3 Kf7 43. Kg2 Re2 44. Ra1 h4 45. a3 a5 46. axb4 axb4 47. Ra7+ Ke8 48. Ra8+ Kd7 49. Rg8 h3+ 50. Kxh3 Rxf2 51. Rxg6 Rf3+ 52. Kh4 Ke7 53. Re6+ Kf7 54. Rxd6 Rxb3 55. Rc6 f4 56. Rf6+ Kg7 57. Rxf4 Rc3 58. d6 b3 59. d7 Rd3 60. Rf2 Rxd7 61. Rb2 Rd3 62. Kg4 Rc3 63. Kf5 Rf3+ 64. Kg4 Rc3 65. Kf5 1/2-1/2

[Event "Hannover-chC"]
[Site "Lehrte"]
[Date "2016.10.01"]
[Round "1"]
[White "Daehn, Patrick"]
[Black "Albrecht, Sabine"]
[Result "1-0"]
[WhiteElo "1402"]
[BlackElo "877"]
[PlyCount "99"]
[EventDate "2016.10.01"]
[EventType "swiss"]
[EventRounds "7"]
[EventCountry "GER"]
[SourceTitle "EXT 2020"]
[Source "ChessBase"]
[SourceDate "2019.10.17"]
[SourceVersion "1"]
[SourceVersionDate "2019.10.17"]
[SourceQuality "1"]

1. e4 e5 2. Bc4 Bc5 3. Nf3 Nc6 4. c3 Nf6 5. d4 exd4 6. cxd4 Bb4+ 7. Bd2 Nxe4 8. Bxb4 Nxb4 9. Bxf7+ Kxf7 10. Qb3+ d5 11. Qxb4 Re8 12. 0-0 Kg8 13. Nc3 c6 14. Rfe1 b5 15. Ne5 Bd7 16. Nxe4 dxe4 17. Rxe4 Rc8 18. Rae1 Rf8 19. Qd6 Bf5 20. Qxd8 Rcxd8 21. Nxc6 Bxe4 22. Nxd8 Rxd8 23. Rxe4 h6 24. g3 Rc8 25. Re5 a6 26. Rc5 Rd8 27. d5 Rd6 28. b4 Kf7 29. Kg2 Kf6 30. f4 Kf5 31. Kf3 h5 32. h3 g6 33. g4+ hxg4+ 34. hxg4+ Kf6 35. Ke4 g5 36. f5 Rd7 37. Rc6+ Kf7 38. Rxa6 Re7+ 39. Re6 Rc7 40. d6 Rc4+ 41. Kd5 Rc8 42. d7 Rd8 43. Kc6 Rf8 44. Kc7 Ra8 45. d8Q Rxd8 46. Kxd8 Kg7 47. Ke7 Kg8 48. Rg6+ Kh7 49. Kf7 Kh8 50. Rh6# 1-0

[Event "Hannover-chA"]
[Site "Lehrte"]
[Date "2015.11.01"]
[Round "7"]
[White "Glaschak, Joachim"]
[Black "Albrecht, Sabine"]
[Result "1-0"]
[WhiteElo "1217"]
[BlackElo "942"]
[PlyCount "145"]
[EventDate "2015.10.29"]
[EventType "swiss"]
[EventRounds "7"]
[EventCountry "GER"]
[SourceTitle "EXT 2021"]
[Source "ChessBase"]
[SourceDate "2020.10.23"]
[SourceVersion "1"]
[SourceVersionDate "2020.10.23"]
[SourceQuality "1"]

1. d4 d5 2. c4 dxc4 3. e3 Nf6 4. Bxc4 e6 5. Nf3 Nc6 6. 0-0 Be7 7. Qc2 0-0 8. a3 Bd6 9. Bb5 Bd7 10. Bd3 h6 11. b4 a6 12. Bb2 Qe7 13. Re1 g6 14. Nbd2 e5 15. Ne4 Bf5 16. Nxf6+ Qxf6 17. e4 Bg4 18. dxe5 Nxe5 19. Bxe5 Bxe5 20. Nxe5 Qxe5 21. f3 Be6 22. Rac1 c6 23. Qf2 Rad8 24. Re3 a5 25. f4 Qd4 26. bxa5 Qa4 27. a6 Qxa3 28. Qc2 Bd7 29. axb7 Rb8 30. Rg3 Rxb7 31. Bc4 Qe7 32. Rxg6+ Kh7 33. Rg3 f5 34. e5 Be6 35. Rc3 Rc7 36. Bb5 Rg8 37. Bd3 Qf7 38. Rxc6 Rxc6 39. Qxc6 Bd5 40. Bxf5+ Qxf5 41. Qxd5 Qxf4 42. Rc7+ Rg7 43. Qd3+ Kg8 44. Rxg7+ Kxg7 45. Qd7+ Kg6 46. Qe6+ Kg7 47. h3 Qc1+ 48. Kf2 Qd2+ 49. Kg3 Qe3+ 50. Kh2 Qf4+ 51. Kg1 Qc1+ 52. Kf2 Qd2+ 53. Kf1 Qd1+ 54. Kf2 Qd2+ 55. Kf3 Qd3+ 56. Kf4 Qd2+ 57. Ke4 Qxg2+ 58. Kd4 Qd2+ 59. Kc5 Qc2+ 60. Qc4 Qf5 61. Qg4+ Qxg4 62. hxg4 Kf7 63. Kd6 Ke8 64. Ke6 Kf8 65. Kd7 Kf7 66. e6+ Kf6 67. e7 Kg5 68. e8Q Kxg4 69. Qg6+ Kf4 70. Qxh6+ Ke5 71. Qe6+ Kd4 72. Qf5 Kc4 73. Kd6 1-0